Catálogo

Vista normal Vista MARC

Entrada Personal Name

Número de registros utilizados en: 1

001 - CONTROL NUMBER

  • control field: 16451

003 - CONTROL NUMBER IDENTIFIER

  • control field: DLC

005 - DATE AND TIME OF LATEST TRANSACTION

  • control field: 20241113093900.0

008 - FIXED-LENGTH DATA ELEMENTS

  • fixed length control field: 080229n| azannaabn |n aaa c

010 ## - LIBRARY OF CONGRESS CONTROL NUMBER

  • LC control number: no2008032386

035 ## - SYSTEM CONTROL NUMBER

  • System control number: (OCoLC)oca07678149

040 ## - CATALOGING SOURCE

  • Original cataloging agency: NjBlaOCU
  • Language of cataloging: spa
  • Description conventions: rda
  • Transcribing agency: Mx-PuUPA
  • Modifying agency: UPB
  • Modifying agency: Mx-PuUPA

100 1# - HEADING--PERSONAL NAME

  • Personal name: Jackson, Chris,
  • Fuller form of name: (Chris B.)

372 ## - FIELD OF ACTIVITY

  • Field of activity: Gráficos de computadora
  • Source of term: lcsh

373 ## - ASSOCIATED GROUP

  • Associated group: Instituto Tecnológico de Rochester
  • Source of term: naf

374 ## - OCCUPATION

  • Occupation: Artista gráfico
  • Occupation: Profesor universitario
  • Occupation: Autor
  • Source of term: lcsh

375 ## - GENDER

  • Gender: hombre
  • Source of term: lcdgt

377 ## - ASSOCIATED LANGUAGE

  • Language code: eng

378 ## - FULLER FORM OF PERSONAL NAME

  • Fuller form of personal name: Chris B.

670 ## - SOURCE DATA FOUND

  • Source citation: Flash + After Effects, c2008:
  • Information found: t.p. (Chris Jackson) p. 4 of cover (computer graphic designer; prof. at Rochester Institute of Technology (RIT))

670 ## - SOURCE DATA FOUND

  • Source citation: RIT WWW page, Feb. 29, 2008
  • Information found: (Chris B. Jackson)

670 ## - SOURCE DATA FOUND

  • Source citation: After effects for designers, 2018:
  • Information found: (Chris Jackson)

670 ## - SOURCE DATA FOUND

  • Source citation: amazon.com, March 27, 2018
  • Information found: (Chris Jackson is an author, designer, and professor at the Rochester Institute of Technology (RIT); he lectures and conducts workshops relating to interaction design and motion graphics, and his professional work has received over 25 distinguished national and international awards for online communication; he is the author of After Effects and Cinema 4D Lite (2014), Flash + After Effects (2010), Flash Cinematic Techniques (2010), and co-author of Digital Design in Action: Creative Solutions for Designers (2017), and Flash 3D: Animation, Interactivity, and Games (2006), all available from Focal Press/Routledge)